Verejnoprospešné práce
Primátori ôsmich miest sa vyjadrujú k otázke podpory zamestnávania dlhodobo nezamestnaných organizovaním verejnoprospešných prác.
Saved in:
| Format: | Book Chapter |
|---|---|
| Language: | Slovak |
| Subjects: | |
| Tags: |
No Tags, Be the first to tag this record!
|
MARC
| LEADER | 00000naa a2200000 4500 | ||
|---|---|---|---|
| 001 | r016333 | ||
| 005 | 20221213114908.1 | ||
| 041 | 0 | |a slo | |
| 044 | |a SK | ||
| 245 | 1 | 0 | |a Verejnoprospešné práce |
| 520 | |a Primátori ôsmich miest sa vyjadrujú k otázke podpory zamestnávania dlhodobo nezamestnaných organizovaním verejnoprospešných prác. | ||
| 610 | 2 | 0 | |a správa verejná |
| 610 | 2 | 0 | |a práce verejnoprospešné |
| 610 | 2 | 0 | |a mestá |
| 610 | 2 | 0 | |a Slovensko |
| 610 | 2 | 0 | |a nezamestnanosť |